000
00278nam a22001217a 4500
008
181205b xxu||||| |||| 00| 0 eng d
041
_a
eng
080
_2
3rd
_a
940
100
_a
16
101
_a
SHH
245
_a
Readings in Western Civilization
_c
Knoles,G.H
942
_2
udc
_c
BK
999
_c
52867
_d
52867